Score 0/109 Timer 15:00
0 Plays Today
Appearances Name % Correct
18Jo Brand
98.1%
29Alexander Armstrong
92.6%
4Boris Johnson
87%
10David Mitchell
77.8%
2Bruce Forsyth
77.8%
6Victoria Coren Mitchell
75.9%
1Alan Johnson
70.4%
12Jeremy Clarkson
64.8%
3Gary Lineker
63%
1Jimmy Carr
63%
10Martin Clunes
59.3%
1Trevor McDonald
59.3%
1Ruth Jones
59.3%
5Lee Mack
57.4%
13Kirsty Young
55.6%
1Paul Merton
55.6%
1Rob Brydon
55.6%
13Jack Dee
51.9%
1Gordon Ramsay
50%
5Frank Skinner
48.1%
2Brian Blessed
48.1%
2Frankie Boyle
48.1%
1John Prescott
48.1%
1Gregg Wallace
48.1%
1Charles Kennedy
46.3%
3Sue Perkins
44.4%
2David Tennant
44.4%
1Hugh Dennis
44.4%
1Rhod Gilbert
44.4%
1Richard Osman
44.4%
6Damian Lewis
42.6%
1Anne Robinson
42.6%
3Des Lynam
40.7%
2Mel Giedroyc
40.7%
1Nick Clegg
40.7%
2Charlotte Church
38.9%
2Ann Widdecombe
38.9%
Appearances Name % Correct
1Robert Webb
38.9%
1Warwick Davis
38.9%
1Katherine Ryan
38.9%
1Patrick Stewart
38.9%
1Al Murray
37%
8Stephen Mangan
35.2%
4Bill Bailey
35.2%
1Ronnie Corbett
35.2%
1Sean Lock
35.2%
2Daniel Radcliffe
33.3%
1Tom Baker
33.3%
1John Torode
33.3%
2Jack Whitehall
29.6%
1Eamonn Holmes
29.6%
2Jennifer Saunders
27.8%
1Clive Anderson
27.8%
1William Shatner
27.8%
3William Hague
25.9%
1Carol Vorderman
25.9%
1Rolf Harris
25.9%
1Alastair Campbell
25.9%
1Roger Moore
25.9%
1Stephen Merchant
25.9%
2Charlie Brooker
24.1%
1John Bishop
24.1%
3Kathy Burke
22.2%
2Robert Lindsay
22.2%
1Liza Tarbuck
22.2%
1Neil Kinnock
22.2%
1Nicholas Parsons
22.2%
4Dara O Briain
20.4%
3Miranda Hart
20.4%
1Jerry Springer
20.4%
1Benedict Cumberbatch
20.4%
1Clare Balding
20.4%
1Ed Balls
20.4%
1Gyles Brandreth
18.5%
Appearances Name % Correct
1Robin Cook
18.5%
1Lorraine Kelly
18.5%
1Richard Madeley
18.5%
2Marcus Brigstocke
16.7%
2Fern Britton
16.7%
1Jane Leeves
16.7%
1Anna Ford
16.7%
1Alistair McGowan
16.7%
1Adrian Chiles
16.7%
1Sharon Horgan
16.7%
1Ray Winstone
16.7%
1Ronni Ancona
14.8%
1Tracey Ullman
14.8%
1John Humphrys
13%
1Michael Buerk
13%
1Chris Tarrant
13%
1Moira Stuart
13%
1Chris Addison
13%
1Dan Stevens
13%
1Adil Ray
13%
1Dominic West
11.1%
1Robert Peston
11.1%
1David Harewood
11.1%
2John Sergeant
9.3%
2Julian Clary
9.3%
1Sanjeev Bhaskar
9.3%
1Jeremy Bowen
9.3%
1Greg Dyke
7.4%
1Andrew Marr
7.4%
1Omid Djalili
7.4%
1Michael Sheen
7.4%
1Tom Hollander
7.4%
2Michael Aspel
3.7%
1Chris Langham
3.7%
1Joan Collins
3.7%
Remove Ads.
Support Sporcle.
Get the best of Sporcle when you Go Orange. This ad-free experience offers more features, more stats, and more fun while also helping to support Sporcle. Thank you for becoming a member.

You're not logged in!

Compare scores with friends on all Sporcle quizzes.
OR
Log In

Show Comments

Extras

Created Sep 24, 2013ReportNominate
Tags:bbc, Comedy, host, News, panel

Top Quizzes Today


Score Distribution

Your Account Isn't Verified!

In order to create a playlist on Sporcle, you need to verify the email address you used during registration. Go to your Sporcle Settings to finish the process.

Report this User

Report this user for behavior that violates our Community Guidelines.

Details: